| 000 | 01447nam a2200253Ia 4500 | ||
|---|---|---|---|
| 999 |
_c50320 _d50320 |
||
| 001 | 17261 | ||
| 003 | GE_BSU | ||
| 005 | 20200210122059.0 | ||
| 008 | 181216s2010ge xx |||||||||||||| ||geo|| | ||
| 020 | _a 9789941416606 | ||
| 040 | _cGE_BSU | ||
| 041 | _ageo | ||
| 080 | _a1+316 შ-77 | ||
| 100 |
_aშმიტი, კარლ _96917 |
||
| 245 |
_aხმელეთი და ზღვა : მსოფლიო-ისტორიული განაზრება / _cკარლ შმიტი ; გერმ. თარგმნა გიორგი თავაძემ / |
||
| 264 |
_aთბილისი : _bნეკერი, _c2010. |
||
| 300 |
_a180 გვ; _c14 სმ. |
||
| 300 | _bშენიშვნ.: გვ. 153-170. - საძიებლები: გვ. 171-178. - ბიბლიოგრ. ტექსტ. შენიშვნ | ||
| 440 |
_aსამეცნიერო სერია ფილოსოფია-სოციოლოგიის კლასიკური და თანამედროვე ტექსტები;ტ. 3 _96944 |
||
| 653 | _aფილოსოფია. | ||
| 653 | _aფილოსოფიური კონცეფციები; სოციოლოგია; გეოპოლიტიკა; | ||
| 700 |
_aთავაძე, გიორგი _eგერმანულიდან თარგმნა _92230 |
||
| 942 |
_cBK _2udc |
||